000 00334nam a2200133Ia 4500
008 150201s2004 xx 000 0 und d
082 _a617
_bS04K
100 _aKILPADI,ARUN B
245 _aSHORT NOTES IN SURGERY FOR UG STUDENTS
250 _a1ST
260 _bJAYPEE BROTHERS
_aDELHI
_c2004
650 _aSURGERY
942 _2ddc
_cBK
_01
999 _c1065
_d1065